header

The design of high performance mechatronics (Record no. 142869)

MARC details
000 -LEADER
fixed length control field 01239nam a2200301 a 4500
100 1# - MAIN ENTRY--AUTHOR NAME
Personal name Schmidt, Robert Munnig.
245 14 - TITLE STATEMENT
Title The design of high performance mechatronics
260 ## - PUBLICATION, DISTRIBUTION, ETC. (IMPRINT)
Place of publication Amsterdam :
Name of publisher Delft University Press,
Year of publication c2011.
300 ## - PHYSICAL DESCRIPTION
Number of Pages xxii, 753 p.
650 #0 - SUBJECT ADDED ENTRY--TOPICAL TERM
Topical Term Mechatronics.
700 1# - ADDED ENTRY--PERSONAL NAME
Personal name Schitter, Georg.
Personal name Eijk, Jan van.
856 40 - ELECTRONIC LOCATION AND ACCESS
Uniform Resource Identifier http://site.ebrary.com/lib/rucke/Doc?id=10524252

No items available.

© 2026 Rongo University
Contact us: librarian | system librarian | Rongo university